| 000 | 00667nam a2200205Ii 4500 | ||
|---|---|---|---|
| 003 | JO-AjNU | ||
| 008 | 230605s9999||||xx |||||||||||||| ||und|| | ||
| 017 | _a1987/655 | ||
| 040 |
_aJO-AjNU _bara _erda _cJO-AjNU |
||
| 041 | _aara | ||
| 050 | 1 | 4 | _aGV995.J4358 1987 |
| 100 | 3 |
_aتاليف الجلبي، طارق حمودى امين, _eauthor _920964 |
|
| 245 | 0 | 0 | _aالعاب الكرة والمضرب |
| 264 | 3 | 1 | _aالموصل: د.ن، 1987 |
| 300 |
_a224ص _bصور توضبحية |
||
| 336 |
_atext _btxt _2rdacontent |
||
| 337 |
_aunmediated _bn _2rdamedia |
||
| 338 |
_avolume _bnc _2rdacarrier |
||
| 650 | 4 |
_aالكرة والمضرب - الرياضة _920965 |
|
| 999 |
_aA7204 _c10772 _d10772 |
||